000 01011nam a2200265Ia 4500
003 OSt
005 20221005111855.0
006 a|||||r|||| 00| 0
007 ta
008 221004b |||||||| |||| 00| 0 hin d
020 _a9789380467740 (hbk)
_c525
024 _a118980
037 _b249, 03/10/2011, Eastern Book Linkers
_cTextual
040 _aCRL
_cCRL
_bhin
041 _2hin
_ahin
082 _aY:1.2'A, 152Q1
100 _aझा, विद्येश्वर
_9162399
245 0 _aवैदिक समाज और आचार - विचार समीक्षा
246 _aVaidik samāj aur āchār - vichār samīkṣhā
260 _aवाराणसी
_bकला प्रकाशन भारत
_c2011
300 _a208पृ0
_ccm.
650 _aभारतीय-लोक साहित्य
942 _hY:1.2'A, 152Q1
_cTEXL
_2cc
999 _c1023156
_d1023156